LEADER 05493oam 22013214 450 001 9910956060003321 005 20250426110129.0 010 $a9781455265008 010 $a1455265004 035 $a(CKB)2470000000001383 035 $a(EBL)1640928 035 $a(SSID)ssj0000674646 035 $a(PQKBManifestationID)11409388 035 $a(PQKBTitleCode)TC0000674646 035 $a(PQKBWorkID)10661346 035 $a(PQKB)10111556 035 $a(MiAaPQ)EBC1640928 035 $a(Au-PeEL)EBL1640928 035 $a(CaPaEBR)ebr10300231 035 $a(OCoLC)871225547 035 $a(IMF)REOEURFA2007001 035 $a(Perlego)1668739 035 $aREOEURFA2007001 035 $a(EXLCZ)992470000000001383 100 $a20020129d2007 uf 0 101 0 $afre 135 $aur|n|---||||| 181 $ctxt 182 $cc 183 $acr 200 10$aPerspectives économiques régionales : $eEurope : Renforcer les systèmes financiers, novembre 2007 205 $a1st ed. 210 1$aWashington, D.C. :$cInternational Monetary Fund,$d2007. 215 $a1 online resource (84 p.) 225 1 $aRegional Economic Outlook 300 $aFrench translation of: Regional economic outlook : Europe. 311 08$a9781451970623 311 08$a1451970625 311 08$a9781589066984 311 08$a1589066987 320 $aIncludes bibliographical references (p. 69-71). 327 $a1er ptie. Perspectives : entre turbulences financieres et croissance soutenue -- 2eme ptie. Analyse : renforcer les systemes financiers. 330 3 $aUne situation foncièrement saine devrait permettre à l?économie européenne de supporter sans trop de mal les turbulences financières actuelles. Les prévisions laissent néanmoins entrevoir un tassement du rythme de croissance dans presque tous les pays de la région en 2008. Les dirigeants devront s'attaquer résolument aux turbulences des marchés financiers tout en assainissant les finances publiques et en mettant en ?uvre des réformes structurelles, notamment dans le secteur financier, afin de pallier les vulnérabilités, de relever les perspectives de croissance à moyen terme et de réaliser la convergence promise dans les pays émergents d'Europe. Trois chapitres analytiques abordent les réformes visant à renforcer les systèmes financiers de l'Europe afin de permettre aux pays avancés de tirer parti de l'innovation sans encourir de risques excessifs, et aux pays émergents de gérer le développement rapide du secteur financier et de renforcer encore les systèmes financiers. 410 0$aRegional Economic Outlook; November 2007 517 1 $aRegional economic outlook. 606 $aEconomic forecasting$zEurope 606 $aBanking$2imf 606 $aBanks and Banking$2imf 606 $aBanks and banking$2imf 606 $aBanks$2imf 606 $aCapital market$2imf 606 $aCredit$2imf 606 $aDepository Institutions$2imf 606 $aExports and Imports$2imf 606 $aFinance$2imf 606 $aFinance: General$2imf 606 $aFinancial Instruments$2imf 606 $aFinancial Markets and the Macroeconomy$2imf 606 $aFinancial sector development$2imf 606 $aFinancial services industry$2imf 606 $aGeneral Financial Markets: General (includes Measurement and Data)$2imf 606 $aGovernment securities$2imf 606 $aInstitutional Investors$2imf 606 $aInternational economics$2imf 606 $aInvestment & securities$2imf 606 $aInvestments: General$2imf 606 $aMacroeconomics$2imf 606 $aMicro Finance Institutions$2imf 606 $aMonetary Policy, Central Banking, and the Supply of Money and Credit: General$2imf 606 $aMoney and Monetary Policy$2imf 606 $aMortgages$2imf 606 $aNon-bank Financial Institutions$2imf 606 $aPension Funds$2imf 606 $aSecurities markets$2imf 607 $aEurope$xEconomic conditions$y1945- 607 $aEurope$xEconomic conditions$vStatistics 607 $aUnited States$2imf 615 0$aEconomic forecasting 615 7$aBanking 615 7$aBanks and Banking 615 7$aBanks and banking 615 7$aBanks 615 7$aCapital market 615 7$aCredit 615 7$aDepository Institutions 615 7$aExports and Imports 615 7$aFinance 615 7$aFinance: General 615 7$aFinancial Instruments 615 7$aFinancial Markets and the Macroeconomy 615 7$aFinancial sector development 615 7$aFinancial services industry 615 7$aGeneral Financial Markets: General (includes Measurement and Data) 615 7$aGovernment securities 615 7$aInstitutional Investors 615 7$aInternational economics 615 7$aInvestment & securities 615 7$aInvestments: General 615 7$aMacroeconomics 615 7$aMicro Finance Institutions 615 7$aMonetary Policy, Central Banking, and the Supply of Money and Credit: General 615 7$aMoney and Monetary Policy 615 7$aMortgages 615 7$aNon-bank Financial Institutions 615 7$aPension Funds 615 7$aSecurities markets 676 $a658.4 712 02$aInternational Monetary Fund. 801 0$bDcWaIMF 906 $aBOOK 912 $a9910956060003321 996 $aPerspectives e?conomiques re?gionales$93925045 997 $aUNINA